| 000 | 00500cam a22001337a 4500 | ||
|---|---|---|---|
| 008 | 180718b- - xxu||||| |||| 00| 0 eng d | ||
| 082 | _aA44x54 Su76 67-6 | ||
| 100 | _aGopalakrishnan, R. | ||
| 245 |
_aSupreme Court encyclopaedia, being a digest of reported and unreported judgments of the Supreme Court _cby R. Gopalakrishnan |
||
| 260 |
_aNew Delhi _bAdvocate Supreme Court _c- - |
||
| 300 | _a- - | ||
| 500 | _aLibrary has Vol.VI-1967 and Vol VII-1968 | ||
| 650 | _aLaw reports, digests, etc. --India. | ||
| 999 |
_c414697 _d414697 |
||